000 00760nam a2200241 a 4500
008
020 _a0669355135 (hbk.)
049 _aMAIN
090 _aQA276
_bBRA
100 1 _aBrase, Charles Henry.
245 1 0 _aUnderstandable statistics :
_bconcepts and methods /
_cCharles Henry Brase [and] Corrinne Pellillo Brase.
250 _a5th ed.
260 _aLexington, Mass. :
_bD.C. Heath,
_cc1995.
300 _axxiii, 849 +[ 131] p. :
_bill. (some col.) ;
_c24 cm.
500 _aIncludes index.
650 0 0 _aMathematical statistics.
700 1 _aBrase, Corrinne Pellillo.
907 _a.b10137038
_b18-02-11
_c23-09-04
003
005 20230123133830.0
040 _cNUST
942 _cBOOKS
_kQA276
_mBRA
999 _c155392
_d155392